|
|
|
|
| LEADER |
00000naa2a2200000 4500 |
| 001 |
603950 |
| 005 |
20260205111211.0 |
| 035 |
|
|
|a (RuTPU)RU\TPU\conf\1182
|
| 035 |
|
|
|a RU\TPU\conf\1181
|
| 090 |
|
|
|a 603950
|
| 100 |
|
|
|a 20140212d2013 k y0rusy50 ca
|
| 101 |
0 |
|
|a rus
|
| 102 |
|
|
|a RU
|
| 135 |
|
|
|a drcn ---uucaa
|
| 181 |
|
0 |
|a i
|
| 182 |
|
0 |
|a b
|
| 200 |
1 |
|
|a ИК-спектроскопия как метод определения спектров поглощения покрытий на основе кремнийзамещенного гидроксиапатита
|d IR-spectroscopy as method of determining the absorption spectra of the silicate-containing hydroxyapatite-based coatings
|f С. Н. Городжа, М. А. Сурменева, А. А. Пустовалова
|g науч. рук. Р. А. Сурменев
|
| 203 |
|
|
|a Текст
|c электронный
|
| 215 |
|
|
|a 1 файл(387 Кб)
|
| 225 |
1 |
|
|a Наноматериалы и нанотехнологии
|
| 300 |
|
|
|a Заглавие с экрана
|
| 320 |
|
|
|a [Библиогр.: с. 881 (4 назв.)]
|
| 330 |
|
|
|a Silicon-substituted hydroxyapatite coatings have been prepared by radio-frequency magnetron sputtering. The deposition rate of the deposited coatings was controlled by changing the bias voltage from grounded (0 V) to -100 V. In this work was considered the results of Infrared Fourier Transform Spectroscopy (FTIR) in details. The silicon enters into the apatite structure in the form of SiO44-groups that partially substitute the PO43-groups. The spectral modes which are characteristic for hydroxyapatite were observed by FTIR spectroscopy and presence of the silicon in the crystal lattice of hydroxyapatite was confirmed. Moreover, the peaks of the carbonate groups were identified.
|
| 337 |
|
|
|a Adobe Reader
|
| 463 |
|
1 |
|0 (RuTPU)RU\TPU\conf\715
|t Перспективы развития фундаментальных наук
|l Prospects of fundamental sciences development
|o сборник научных трудов X Международной конференция студентов и молодых ученых, г. Томск, 23-26 апреля 2013 г.
|f Национальный исследовательский Томский политехнический университет (ТПУ) ; ред. коллегия Е. А. Вайтулевич ; Г. А. Лямина ; Г. А. Воронова ; М. Е. Семенов ; А. В. Устинов ; Н. С. Пушилина
|v [С. 879-881]
|d 2013
|
| 510 |
1 |
|
|a IR-spectroscopy as method of determining the absorption spectra of the silicate-containing hydroxyapatite-based coatings
|z eng
|
| 610 |
1 |
|
|a электронный ресурс
|
| 610 |
1 |
|
|a труды учёных ТПУ
|
| 610 |
1 |
|
|a ИК-спектры
|
| 610 |
1 |
|
|a поглощенные основания
|
| 610 |
1 |
|
|a покрытия
|
| 610 |
1 |
|
|a кремнийорганические материалы
|
| 610 |
1 |
|
|a гидроксиапатит
|
| 700 |
|
1 |
|a Городжа
|b С. Н.
|c физик
|c инженер-исследователь Томского политехнического университета
|f 1989-
|g Светлана Николаевна
|3 (RuTPU)RU\TPU\pers\34956
|
| 701 |
|
1 |
|a Сурменева
|b М. А.
|c специалист в области материаловедения
|c инженер-исследователь Томского политехнического университета, старший научный сотрудник
|f 1984-
|g Мария Александровна
|3 (RuTPU)RU\TPU\pers\25832
|9 11705
|
| 701 |
|
1 |
|a Пустовалова
|b А. А.
|c биофизик
|c инженер Томского политехнического университета
|f 1989-
|g Алла Александровна
|3 (RuTPU)RU\TPU\pers\31045
|
| 702 |
|
1 |
|a Сурменев
|b Р. А.
|c физик
|c старший научный сотрудник Томского политехнического университета, доцент, кандидат физико-математических наук
|f 1982-
|g Роман Анатольевич
|4 727
|
| 712 |
0 |
2 |
|a Национальный исследовательский Томский политехнический университет (ТПУ)
|b Физико-технический институт (ФТИ)
|b Кафедра теоретической и экспериментальной физики (ТиЭФ)
|3 (RuTPU)RU\TPU\col\18726
|
| 801 |
|
1 |
|a RU
|b 63413507
|c 20101016
|
| 801 |
|
2 |
|a RU
|b 63413507
|c 20230324
|g RCR
|
| 856 |
4 |
|
|u http://www.lib.tpu.ru/fulltext/c/2013/C21/301.pdf
|
| 942 |
|
|
|c CF
|